000 00487nam a2200181Ia 4500
003 GCL
008 140319s9999 xx 000 0 eng d
040 _aGCL /
_cGCL
082 0 4 _a759.05
_bR T
100 1 _aRAMIREZ, FRANCIS
245 1 0 _aTAPIS ET TISSAGES DU MAROC: UNE ECRITURE DE SILENCE /
_cRAMIREZ, FRANCIS
700 1 _aROLOT, CHRISTIAN
260 _a[S.N] :
_bACR EDITION ،
_c1995
300 _a192 P
650 0 4 _aARTS
650 0 4 _aPAINTERS - BIOGRAPHY
942 _2ddc
_cBK
999 _c16189
_d16189